| 000 | 00645nam a2200229 i 4500 | ||
|---|---|---|---|
| 001 | bgj | ||
| 100 | 1 | _aTHEROUX, Paul. | |
| 245 | 1 | 0 |
_aThe Mosquito Coast : _ba novel / _cby Paul Theroux ; with woodcuts by David Frampton. |
| 260 |
_aBoston : _bHoughton Mifflin Co., _c1982. |
||
| 300 |
_a374 pp : _bill. ; _c24 cm. |
||
| 650 | 9 | _aAmerican Honduras | |
| 650 | 9 | _aAdventure stories | |
| 650 | 9 | _aDomestic fiction | |
| 651 | 9 | _aHonduras | |
| 655 | _aFiction | ||
| 020 | _a0395318378 (hbk, jacket) | ||
| 040 | _cBPK | ||
| 041 | 0 | _aeng | |
| 920 | _a0-395-31837-8 (hbk, jacket) | ||
| 942 | _cKS | ||
| 008 | s uk f |000 0 eng | ||
| 999 |
_c48056 _d48056 |
||
| 856 |
_uhttp://koha.tu.koszalin.pl/cgi-bin/koha/opac-detail.pl?biblionumber=48056 _yKatalog online BPK |
||